Introduction to forest resource management

Bibliographic Details
Main Author: LEUSCHNER
Format: Book
Published: New York : J. Wiley , 1984
Subjects:

MARC

LEADER 00000cam a2200000 7i4500
001 0000000509
005 20000824.0
020 0 0 |a 0471086681 
090 0 0 |a 634.92   |b LEU 1984 
100 1 0 |a LEUSCHNER   |h William A. 
245 1 0 |a Introduction to forest resource management   |c William A. Leuschner 
260 0 0 |a New York :   |b J. Wiley ,   |c 1984 
300 |a 298 p. ;   |c 25 cm. 
500 0 0 |a Bibliography: [p. 265-269] and index 
650 0 0 |a Forest management 
999 |a 0000000095   |b Monograph   |c Open Shelf   |e Default branch